[Event "Chigorin Memorial"]
[Site "St Petersburg RUS"]
[Date "2012.10.30"]
[Round "4.172"]
[White "Glazov, Anatoly"]
[Black "Panov, Konstantin"]
[Result "1-0"]
[WhiteElo "1835"]
[BlackElo "1607"]
[WhiteFideId "4192281"]
[BlackFideId "34115223"]
[EventDate "2012.10.27"]

1. d4 d5 2. c4 c6 3. Nc3 Nf6 4. Nf3 Bf5 5. e3 e6 6. Be2 dxc4 7. Bxc4 Bb4 8. Qb3
Bxc3+ 9. bxc3 b5 10. Be2 O-O 11. Ba3 Re8 12. O-O Nbd7 13. Rad1 Nd5 14. Rfe1 Qa5
15. Rc1 Be4 16. Nd2 N7f6 17. f3 Bg6 18. e4 Nf4 19. Bf1 Qc7 20. g3 N4h5 21. Bg2
h6 22. f4 Nd7 23. Rf1 Nhf6 24. Rce1 Nb6 25. Rf2 Bh5 26. h3 Bg6 27. Ref1 Bh7 28.
g4 a6 29. g5 hxg5 30. fxg5 Nh5 31. e5 Nd5 32. c4 bxc4 33. Nxc4 Reb8 34. Qf3 Bg6
35. Bd6 Qd8 36. Bxb8 Rxb8 37. h4 Nhf4 38. Qg3 Rb7 39. Rxf4 Nxf4 40. Qxf4 Qc7 41.
Nd6 Rb4 42. Rc1 Qa7 43. Rxc6 Rxd4 44. Qf2 Rd1+ 45. Bf1 Qxf2+ 46. Kxf2 Rd2+ 47.
Ke3 Rxa2 48. Rxa6 Rb2 49. Ra8+ Kh7 50. Bd3 Rb3 51. Ne4 Rb2 52. h5 Bxh5 53. Nf6# 1-0

[Event "Chigorin Memorial"]
[Site "St Petersburg RUS"]
[Date "2012.10.30"]
[Round "4.173"]
[White "Popov, Alexei"]
[Black "Biyachuev, Minkail"]
[Result "1-0"]
[WhiteElo "1823"]
[BlackElo "1574"]
[WhiteFideId "24195898"]
[BlackFideId "34120065"]
[EventDate "2012.10.27"]

1. e4 e5 2. Nf3 Nf6 3. Nxe5 d6 4. Nf3 Bg4 5. h3 Bh5 6. Nc3 Nbd7 7. d4 c6 8. Be3
Be7 9. Bd3 Qc7 10. g4 Bg6 11. Qe2 O-O-O 12. a3 Rde8 13. b4 h5 14. g5 Nh7 15. d5
b6 16. dxc6 Qxc6 17. Nd5 Nb8 18. a4 Qb7 19. Bb5 Bxe4 20. Qc4+ Kd8 21. Qxe4 Bxg5
22. Bxe8 Rxe8 23. Qd3 Bxe3 24. fxe3 Rxe3+ 25. Qxe3 Qxd5 26. Rd1 Qc6 27. b5 Qxc2
28. Rxd6+ Nd7 29. Qd4 Nf6 30. O-O Qg6+ 31. Kh2 Qc2+ 32. Rf2 Qc7 33. Ne5 Kc8 34.
Rc6 Nc5 35. Rxc7+ Kxc7 36. Rc2 Ne4 37. Qxe4 1-0

[Event "Chigorin Memorial"]
[Site "St Petersburg RUS"]
[Date "2012.10.30"]
[Round "4.174"]
[White "Pankova, Julia"]
[Black "Egorov, Daniil"]
[Result "1/2-1/2"]
[WhiteElo "1528"]
[BlackElo "1819"]
[WhiteFideId "34103276"]
[BlackFideId "24171956"]
[EventDate "2012.10.27"]

1. e4 c5 2. Nf3 d6 3. d4 cxd4 4. Qxd4 Nc6 5. Bb5 Bd7 6. Bxc6 Bxc6 7. Nc3 Nf6 8.
Bg5 e6 9. O-O-O Qa5 10. Bxf6 gxf6 11. Qd3 a6 12. Kb1 b5 13. Nd4 Rc8 14. Rhe1 b4
15. Nb3 Qb6 16. Nd5 Bxd5 17. exd5 e5 18. Qf5 Rc4 19. Qxf6 Rg8 20. Nd2 Rd4 21.
Ne4 Rxd1+ 22. Rxd1 Rxg2 23. h4 Rg6 24. Qf5 Qb7 25. h5 Rg7 26. Qf6 Qxd5 27. Qf3
Qe6 28. Nf6+ Kd8 29. Qa8+ Qc8 30. Qd5 Qe6 31. Qa8+ Qc8 32. Qd5 Qe6 33. Qa8+ Qc8 1/2-1/2

[Event "Chigorin Memorial"]
[Site "St Petersburg RUS"]
[Date "2012.10.31"]
[Round "5.9"]
[White "Stupak, Kirill"]
[Black "Bartel, Mateusz"]
[Result "1/2-1/2"]
[WhiteTitle "GM"]
[BlackTitle "GM"]
[WhiteElo "2520"]
[BlackElo "2635"]
[WhiteFideId "13503758"]
[BlackFideId "1112635"]
[EventDate "2012.10.27"]

1. d4 d5 2. Nf3 c6 3. c4 e6 4. Nc3 dxc4 5. a4 Bb4 6. e4 b5 7. Bd2 a5 8. axb5
Bxc3 9. Bxc3 cxb5 10. b3 Bb7 11. d5 Nf6 12. bxc4 b4 13. Bxf6 Qxf6 14. Qa4+ Nd7
15. e5 Qd8 16. Rd1 exd5 17. e6 fxe6 18. cxd5 O-O 19. dxe6 Nc5 20. Rxd8 Nxa4 21.
Rxa8 Rxa8 22. Nd4 Bd5 23. Bb5 Nc3 24. Bd7 Kf8 25. Kd2 g6 26. Ra1 Ne4+ 27. Kc2
Ke7 28. f3 Nd6 29. Kd3 Nc4 30. f4 Nb6 31. Bc6 Bc4+ 32. Ke4 Ra7 33. Bb5 Bxb5 34.
Nxb5 Rb7 35. Nd4 a4 36. Nc6+ Kd6 37. Nxb4 Rc7 38. Nd3 Kxe6 39. Ra3 Rc4+ 40. Kf3
Kd5 41. Kg4 Kd4 42. Nb2 Rb4 43. Nxa4 Nxa4 44. Rh3 Rb7 45. f5 gxf5+ 46. Kxf5 Nc5
47. Rh4+ Kd5 48. Rh5 Ne4 49. Kf4+ Kd4 50. g4 Rb2 51. g5 Rf2+ 52. Kg4 Rf7 53. Rh6
Nf2+ 54. Kh5 Ne4 55. Kg4 Ke5 56. Ra6 Nd6 57. Ra5+ Ke6 58. h4 Rc7 59. Ra6 Ke7 60.
Kh5 Nf7 61. Ra8 Rc5 62. Ra7+ Kf8 63. Ra8+ Kg7 64. Ra7 Rc4 65. Rb7 Rc8 66. Rb5
Rc7 67. Ra5 Nd8 68. Rb5 Ne6 69. Rb6 Nf4+ 70. Kg4 Nd5 71. Ra6 Rc4+ 72. Kg3 Ne7
73. Ra7 Kf7 74. Kh3 Re4 75. Rb7 Rd4 76. Rb6 Nd5 77. Ra6 Nf4+ 78. Kg3 Ne6 79.
Ra7+ Kg8 80. Rb7 Re4 81. Ra7 Ng7 82. Ra8+ Kf7 83. Ra6 Nf5+ 84. Kf3 Re6 85. Ra7+
Re7 86. Rxe7+ Kxe7 87. Kg4 Ke6 88. Kh5 Kf7 89. Kg4 Ne3+ 90. Kf4 Ng2+ 91. Kg3 Ne1
92. Kg4 Nc2 93. Kh5 Kg7 94. Kg4 Nd4 95. h5 Kf8 96. Kf4 Ne6+ 97. Kg4 Ng7 98. Kh4
Nf5+ 99. Kg4 Nd6 100. Kf4 Ke7 101. Ke5 Ne8 102. Kf5 Kf8 103. Kg4 Ng7 104. Kh4
Ke7 105. Kg4 Ne8 106. Kf5 Nd6+ 107. Ke5 Nb5 108. Kf5 Nd4+ 109. Ke5 Ne2 110. Kf5
Nd4+ 111. Ke5 Nc6+ 112. Kf5 Nd8 113. Ke5 Nb7 114. Kf5 Kf8 115. Kf6 Nc5 116. g6
Nd7+ 117. Kg5 hxg6 118. hxg6 Ne5 119. Kf6 Nf7 120. gxf7 1/2-1/2

[Event "Chigorin Memorial"]
[Site "St Petersburg RUS"]
[Date "2012.10.31"]
[Round "5.11"]
[White "Popov, Ivan RUS"]
[Black "Gladyszev, Oleg"]
[Result "1-0"]
[WhiteTitle "GM"]
[BlackTitle "IM"]
[WhiteElo "2614"]
[BlackElo "2446"]
[WhiteFideId "4170350"]
[BlackFideId "4118642"]
[EventDate "2012.10.27"]

1. e4 c5 2. Nf3 Nc6 3. d4 cxd4 4. Nxd4 Nf6 5. Nc3 e5 6. Ndb5 d6 7. Bg5 a6 8. Na3
b5 9. Nd5 Be7 10. Bxf6 Bxf6 11. c4 b4 12. Nc2 O-O 13. h4 Be6 14. g3 Bxd5 15.
cxd5 Nd4 16. Nxd4 exd4 17. Bd3 Re8 18. Qa4 a5 19. Rc1 Rc8 20. O-O Bxh4 21. Rxc8
Qxc8 22. Ba6 Qa8 23. gxh4 Rxe4 24. Qd7 g6 25. Bd3 Rxh4 26. Re1 Kg7 27. Qxd6 Qc8
28. Qe5+ Kh6 29. Bf1 Qc2 30. d6 d3 31. Qg3 Rh5 32. d7 Qc6 33. Qe3+ g5 34. Bh3 d2
35. Rd1 1-0

[Event "Chigorin Memorial"]
[Site "St Petersburg RUS"]
[Date "2012.10.31"]
[Round "5.12"]
[White "Pasiev, Rakhim"]
[Black "Swiercz, Dariusz"]
[Result "0-1"]
[WhiteTitle "FM"]
[BlackTitle "GM"]
[WhiteElo "2334"]
[BlackElo "2609"]
[WhiteFideId "24122475"]
[BlackFideId "1126881"]
[EventDate "2012.10.27"]

1. e4 c5 2. Nf3 d6 3. d4 cxd4 4. Nxd4 Nf6 5. Nc3 a6 6. Be2 e5 7. Nb3 Be7 8. O-O
O-O 9. Re1 Be6 10. Bf3 Nbd7 11. a4 Qb8 12. a5 Rc8 13. Nd2 Bd8 14. Nd5 Nxd5 15.
exd5 Bf5 16. Be4 Bxe4 17. Nxe4 Be7 18. b3 f5 19. Nd2 b5 20. axb6 Nxb6 21. c4 a5
22. Qf3 g6 23. Bb2 Bg5 24. Bc3 a4 25. bxa4 Rxa4 26. Rab1 Qc7 27. Qd1 Raa8 28.
Nf3 Bf6 29. Bb4 Nxc4 30. Rc1 Qb6 31. Qb3 Qb5 32. Rb1 e4 33. Nd2 Nxd2 34. Bxd2
Qxb3 35. Rxb3 Rc5 36. Rb6 Rxd5 37. Bf4 Rd8 38. Rc1 g5 0-1

[Event "Chigorin Memorial"]
[Site "St Petersburg RUS"]
[Date "2012.10.31"]
[Round "5.17"]
[White "Popilski, Gil"]
[Black "Eljanov, Pavel"]
[Result "1/2-1/2"]
[WhiteTitle "IM"]
[BlackTitle "GM"]
[WhiteElo "2475"]
[BlackElo "2681"]
[WhiteFideId "2809060"]
[BlackFideId "14102951"]
[EventDate "2012.10.27"]

1. e4 e5 2. Nf3 Nc6 3. Bb5 a6 4. Ba4 Nf6 5. O-O Be7 6. d3 d6 7. c3 O-O 8. Re1 b5
9. Bc2 Re8 10. Nbd2 Bb7 11. d4 Bf8 12. a3 Nb8 13. b4 Nbd7 14. Bb2 Rc8 15. c4
exd4 16. Nxd4 c5 17. Nf5 g6 18. Ne3 Bg7 19. Rb1 cxb4 20. axb4 Nb6 21. cxb5 axb5
22. Bd3 Na4 23. Bxb5 Nxb2 24. Rxb2 Re7 25. Rc2 Rxc2 26. Nxc2 Nxe4 27. Nxe4 Rxe4
28. Rxe4 Bxe4 29. Qe2 Qa8 30. f3 Bf5 31. Bd3 Be6 32. f4 Qd5 33. Qe4 Qa2 34. b5
d5 35. Qb4 Bf8 36. Qd4 Qb3 37. f5 gxf5 38. h3 Bg7 39. Qb6 h6 40. Qb8+ Kh7 41.
Qg3 Qb1+ 42. Kf2 Qb2 43. Qf3 Kh8 44. Qf4 Qe5 45. Qxe5 Bxe5 46. b6 Bc8 47. Ne3
Bd4 48. Ke2 Bb7 49. Nxf5 Bxb6 50. Nxh6 Kg7 51. Nf5+ Kf6 52. g4 Ke5 53. h4 Bd8
54. h5 Bc8 55. h6 Bf6 56. h7 Bxf5 1/2-1/2

[Event "Chigorin Memorial"]
[Site "St Petersburg RUS"]
[Date "2012.10.31"]
[Round "5.18"]
[White "Grachev, Boris"]
[Black "Golovin, Leonid"]
[Result "1-0"]
[WhiteTitle "GM"]
[WhiteElo "2672"]
[BlackElo "2475"]
[WhiteFideId "4129199"]
[BlackFideId "4113381"]
[EventDate "2012.10.27"]

1. d4 g6 2. c4 Bg7 3. Nf3 d6 4. g3 b6 5. Bg2 Bb7 6. O-O e6 7. Nc3 Ne7 8. e4 O-O
9. Be3 h6 10. Qd2 Kh7 11. h4 Nd7 12. Nh2 Rb8 13. f4 f5 14. e5 dxe5 15. dxe5 Qc8
16. Bxb7 Rxb7 17. Rad1 Nb8 18. Nf3 a6 19. h5 gxh5 20. Qh2 Qe8 21. Qh1 Ra7 22.
Rd2 Nbc6 23. Rfd1 Ra8 24. Nd4 Nxd4 25. Rxd4 Qg6 26. Kf2 Qg4 27. Rd7 Ng6 28. Rxc7
h4 29. gxh4 Rac8 30. Rxc8 Rxc8 31. Rg1 Qh5 32. b3 Rg8 33. Ne2 Nxh4 34. Ng3 Qg4
35. Ne4 Qh5 36. Rxg7+ Kxg7 37. Nf6 Qg6 38. Nxg8 1-0

[Event "Chigorin Memorial"]
[Site "St Petersburg RUS"]
[Date "2012.10.31"]
[Round "5.19"]
[White "Antipov, Mikhail Al."]
[Black "Matlakov, Maxim"]
[Result "1-0"]
[WhiteTitle "IM"]
[BlackTitle "GM"]
[WhiteElo "2457"]
[BlackElo "2665"]
[WhiteFideId "4107012"]
[BlackFideId "4168003"]
[EventDate "2012.10.27"]

1. e4 d6 2. d4 Nf6 3. f3 g6 4. c4 Bg7 5. Nc3 O-O 6. Be3 c5 7. Nge2 Nc6 8. d5 Ne5
9. Ng3 e6 10. Be2 exd5 11. cxd5 h5 12. O-O a6 13. a4 Bd7 14. Qd2 b5 15. axb5
axb5 16. Nxb5 h4 17. Nh1 Bxb5 18. Bxb5 h3 19. Be2 hxg2 20. Kxg2 Rb8 21. Nf2 Rb4
22. Rfc1 Qe7 23. Ra7 Qxa7 24. Qxb4 Bh6 25. Qd2 Bxe3 26. Qxe3 Qe7 27. f4 Ned7 28.
Qd3 Rb8 29. b3 Qf8 30. h4 Qh6 31. Kg3 Ra8 32. Qc3 Qh8 33. Kh3 Kh7 34. Ra1 Rb8
35. Ra7 Kg8 36. Bf3 Qh6 37. Kg3 Rb4 38. Ra8+ Kh7 39. Rd8 Rd4 40. Nh3 Kg7 41. Ng5
Nf8 42. b4 Kg8 43. bxc5 dxc5 44. Qxc5 Rd3 45. Kg2 Rd2+ 46. Kf1 Nd7 47. Qe7 Qg7
48. e5 Rd4 49. Qxd7 Rxf4 50. Qe7 1-0

[Event "Chigorin Memorial"]
[Site "St Petersburg RUS"]
[Date "2012.10.31"]
[Round "5.20"]
[White "Hayrapetyan, Hovik"]
[Black "Khairullin, Ildar"]
[Result "1/2-1/2"]
[WhiteTitle "IM"]
[BlackTitle "GM"]
[WhiteElo "2450"]
[BlackElo "2639"]
[WhiteFideId "13302639"]
[BlackFideId "4151348"]
[EventDate "2012.10.27"]

1. d4 f5 2. c4 Nf6 3. Nc3 d6 4. g3 g6 5. Bg2 Bg7 6. d5 e5 7. dxe6 Nc6 8. Nh3
Bxe6 9. b3 Ne4 10. Nxe4 fxe4 11. Rb1 Bf5 12. O-O O-O 13. Be3 Qd7 14. Ng5 Rae8
15. Qd5+ Kh8 16. Nxe4 Re5 17. Qd3 Rfe8 18. f3 d5 19. cxd5 Rxd5 20. Qc2 Nd4 21.
Bxd4 Rxd4 22. Rfd1 Bxe4 23. fxe4 Rd8 24. Rxd4 Qxd4+ 25. Kh1 c6 26. Qc4 Qxc4 27.
bxc4 Be5 28. c5 Rd2 29. Bf3 Rb2 30. Rxb2 Bxb2 31. Bg4 Kg7 32. e5 Bxe5 33. Kg2
Kf6 34. Kf3 Ke7 35. Ke4 Bb2 36. Kd3 Ba3 37. Kc4 b6 38. cxb6 axb6 39. Bf3 Kd6 40.
h4 Bc5 41. h5 1/2-1/2

[Event "Chigorin Memorial"]
[Site "St Petersburg RUS"]
[Date "2012.10.31"]
[Round "5.21"]
[White "Timofeev, Artyom"]
[Black "Raznikov, Danny"]
[Result "1/2-1/2"]
[WhiteTitle "GM"]
[BlackTitle "IM"]
[WhiteElo "2631"]
[BlackElo "2465"]
[WhiteFideId "4140419"]
[BlackFideId "2811154"]
[EventDate "2012.10.27"]

1. e4 c5 2. Nf3 d6 3. d4 cxd4 4. Nxd4 Nf6 5. Nc3 a6 6. h3 e6 7. g4 Be7 8. Bg2
Nfd7 9. O-O O-O 10. f4 Nc6 11. Nce2 Re8 12. Kh1 Qc7 13. f5 Nxd4 14. Nxd4 Bf8 15.
fxe6 fxe6 16. b3 Ne5 17. Ba3 Be7 18. g5 Qa5 19. Bc1 Qc3 20. Rb1 Bd7 21. Qd2 Qc5
22. h4 Rf8 23. Bb2 Ng6 24. Bh3 Rxf1+ 25. Rxf1 Qe5 26. Qe1 Rf8 27. Rxf8+ Bxf8 28.
Bc3 Qf4 29. h5 Ne5 30. Bd2 Qf7 31. Qe2 Nc6 32. c3 Nxd4 33. cxd4 g6 34. h6 d5 35.
Kg1 e5 36. Bxd7 Qxd7 37. dxe5 dxe4 38. Qc4+ Kh8 39. Bc3 Qd1+ 40. Kf2 Qf3+ 41.
Ke1 Qe3+ 42. Kd1 Qf3+ 43. Kd2 Qf4+ 44. Kc2 Qf2+ 45. Kb1 Qg1+ 46. Kc2 Qf2+ 47.
Kb1 1/2-1/2

[Event "Chigorin Memorial"]
[Site "St Petersburg RUS"]
[Date "2012.10.31"]
[Round "5.22"]
[White "Matinian, Nikita"]
[Black "Lysyj, Igor"]
[Result "1/2-1/2"]
[WhiteTitle "IM"]
[BlackTitle "GM"]
[WhiteElo "2439"]
[BlackElo "2628"]
[WhiteFideId "24129100"]
[BlackFideId "4150120"]
[EventDate "2012.10.27"]

1. e4 e5 2. Nf3 Nc6 3. Bb5 Nf6 4. O-O Nxe4 5. Re1 Nd6 6. Nxe5 Be7 7. Bf1 Nxe5 8.
Rxe5 O-O 9. d4 Bf6 10. Re2 b6 11. Bf4 Nf5 12. c3 Ba6 13. Re1 Bxf1 14. Kxf1 d5
15. Nd2 Qd7 16. Nf3 Rfe8 17. Qb3 Nh4 18. Nxh4 Bxh4 19. Bg3 Bxg3 20. hxg3 g6 21.
Rxe8+ Rxe8 22. Re1 Rxe1+ 23. Kxe1 c5 24. dxc5 bxc5 25. Kd2 Qf5 26. Qb8+ Kg7 27.
Qf4 Qb1 28. Qe5+ Kg8 29. Qb8+ Kg7 30. Qe5+ Kg8 31. Qb8+ Kg7 32. Qe5+ 1/2-1/2

[Event "Chigorin Memorial"]
[Site "St Petersburg RUS"]
[Date "2012.10.31"]
[Round "5.23"]
[White "Bajarani, Ulvi"]
[Black "Lenderman, Aleksandr"]
[Result "1/2-1/2"]
[WhiteTitle "IM"]
[BlackTitle "GM"]
[WhiteElo "2436"]
[BlackElo "2614"]
[WhiteFideId "13403028"]
[BlackFideId "2021285"]
[EventDate "2012.10.27"]

1. e4 c6 2. d4 d5 3. exd5 cxd5 4. c4 Nf6 5. Nc3 Nc6 6. Bg5 Be6 7. a3 g6 8. Bxf6
exf6 9. c5 Bh6 10. g3 O-O 11. Bg2 b6 12. b4 bxc5 13. bxc5 Qa5 14. Ne2 Rab8 15.
O-O Rb2 16. Nxd5 Rd2 17. Nxf6+ Kg7 18. Qe1 Qa6 19. Nf4 Bxf4 20. gxf4 Re2 21. Qc3
Qa5 22. Qxa5 Nxa5 23. Ne4 Rd8 24. Nd6 Nc4 25. Nxc4 Bxc4 26. d5 Bxd5 27. Rfd1
Bxg2 28. Rxd8 Bh3 29. Rc1 Re4 30. c6 Rxf4 31. Rd3 Bc8 32. c7 Rg4+ 33. Kf1 Re4
34. Rd8 Bh3+ 35. Kg1 Rg4+ 36. Kh1 Bg2+ 37. Kg1 Bh3+ 38. Kh1 Bg2+ 39. Kg1 Bh3+
40. Kh1 Bg2+ 41. Kg1 Bh3+ 1/2-1/2

[Event "Chigorin Memorial"]
[Site "St Petersburg RUS"]
[Date "2012.10.31"]
[Round "5.24"]
[White "Andriasian, Zaven"]
[Black "Pakhomov, Egor"]
[Result "1/2-1/2"]
[WhiteTitle "GM"]
[BlackTitle "IM"]
[WhiteElo "2604"]
[BlackElo "2458"]
[WhiteFideId "13302000"]
[BlackFideId "24129542"]
[EventDate "2012.10.27"]

1. e4 e6 2. d4 d5 3. Nc3 Bb4 4. e5 c5 5. a3 Bxc3+ 6. bxc3 Ne7 7. Qg4 Kf8 8. Bd3
b6 9. Nf3 Ba6 10. dxc5 Bxd3 11. cxd3 bxc5 12. O-O Nd7 13. a4 Rb8 14. d4 h6 15.
dxc5 Nc6 16. Re1 Kg8 17. Bd2 Nxc5 18. c4 d4 19. h4 Rb2 20. Rad1 Rc2 21. Be3 Rxc4
22. Nxd4 Nxd4 23. Rxd4 Rxd4 24. Bxd4 h5 25. Qd1 Qd5 26. a5 a6 27. Bxc5 Qxc5 28.
Qd8+ Kh7 29. Qd3+ g6 30. Qxa6 Rb8 31. Qe2 Qxa5 32. g3 Rb2 33. Qxb2 Qxe1+ 34. Kg2
Qe4+ 35. Kg1 Qe1+ 36. Kg2 Qe4+ 37. Kg1 Qe1+ 38. Kg2 Qe4+ 39. Kg1 Qe1+ 40. Kg2
Qe4+ 1/2-1/2

[Event "Chigorin Memorial"]
[Site "St Petersburg RUS"]
[Date "2012.10.31"]
[Round "5.25"]
[White "Vorobiov, Evgeny E."]
[Black "Debashis, Das"]
[Result "1/2-1/2"]
[WhiteTitle "GM"]
[BlackTitle "IM"]
[WhiteElo "2598"]
[BlackElo "2454"]
[WhiteFideId "4121341"]
[BlackFideId "5024854"]
[EventDate "2012.10.27"]

1. d4 d5 2. c4 c6 3. Nf3 Nf6 4. e3 Bf5 5. Nc3 e6 6. Nh4 Bg6 7. Nxg6 hxg6 8. Bd2
Nbd7 9. g3 Bb4 10. Qb3 Bxc3 11. Bxc3 Ne4 12. Bg2 Nxc3 13. bxc3 Qc7 14. O-O O-O
15. Rfc1 Nb6 16. Bf1 Nxc4 17. Bxc4 dxc4 18. Qxc4 Rfd8 19. a4 Rac8 20. Rab1 b6
21. Rd1 c5 22. a5 bxa5 23. Qa4 cxd4 24. cxd4 Rd5 25. Qa3 Qd6 26. Qa4 Qc7 27. Qa3
Qd6 28. Qa4 Qc7 29. Qa3 Qd6 1/2-1/2

[Event "Chigorin Memorial"]
[Site "St Petersburg RUS"]
[Date "2012.10.31"]
[Round "5.26"]
[White "Gabrielian, Artur"]
[Black "Can, Emre"]
[Result "1/2-1/2"]
[WhiteTitle "GM"]
[BlackTitle "GM"]
[WhiteElo "2592"]
[BlackElo "2449"]
[WhiteFideId "4131002"]
[BlackFideId "6302181"]
[EventDate "2012.10.27"]

1. e4 c5 2. Nf3 Nc6 3. d4 cxd4 4. Nxd4 Nf6 5. Nc3 d6 6. Bg5 e6 7. Qd2 a6 8.
O-O-O Be7 9. h4 Qc7 10. f3 Nxd4 11. Qxd4 b5 12. Kb1 Bb7 13. h5 h6 14. Bxf6 gxf6
15. a4 bxa4 16. Nxa4 Rg8 17. Rd3 Rc8 18. Rc3 Qa5 19. g4 Rg5 20. Be2 Rxc3 21.
Nxc3 Qc7 22. Bc4 Rc5 23. Bb3 Bd8 24. Rd1 Ke7 25. f4 Qb8 26. e5 fxe5 27. fxe5
Rxe5 28. Rf1 Bg2 29. Rd1 Bb6 30. Qd2 Bf3 31. Rf1 Be3 32. Qd3 Bb7 33. Bc4 Qc8 34.
Qh7 Qf8 35. Qd3 Qc8 36. Qh7 Qf8 37. Qd3 a5 38. Nb5 Bc5 39. Qd2 Bb4 40. Qf2 f6
41. Qa7 Qc8 42. Qf2 Qxc4 43. Qxf6+ Kd7 44. Qg7+ Kc6 45. Qc7+ Kxb5 46. Qxb7+ Kc5
47. Qc7+ Kb5 48. Qb7+ Kc5 49. Qc7+ 1/2-1/2

[Event "Chigorin Memorial"]
[Site "St Petersburg RUS"]
[Date "2012.10.31"]
[Round "5.27"]
[White "Solak, Dragan"]
[Black "Atabayev, Maksat"]
[Result "1/2-1/2"]
[WhiteTitle "GM"]
[BlackTitle "FM"]
[WhiteElo "2590"]
[BlackElo "2446"]
[WhiteFideId "916811"]
[BlackFideId "14001101"]
[EventDate "2012.10.27"]

1. e4 c5 2. Nc3 d6 3. g3 Nc6 4. Bg2 g6 5. d3 Bg7 6. Be3 e6 7. Qd2 Nd4 8. Nd1 Ne7
9. c3 Ndc6 10. Bh6 O-O 11. h4 Bxh6 12. Qxh6 f6 13. Nf3 Ne5 14. Nxe5 dxe5 15. Qe3
b6 16. f4 exf4 17. gxf4 e5 18. Nf2 Qd6 19. fxe5 Qxe5 20. O-O-O Nd5 21. Qd2 Nf4
22. Bf3 Be6 23. d4 cxd4 24. cxd4 Rac8+ 25. Kb1 Qa5 26. Qxa5 bxa5 27. Nd3 Nxd3
28. Rxd3 Rfd8 29. d5 Bd7 30. Rc3 Kf7 31. Kc2 Ke7 32. Kd3 Kd6 33. Kd4 Rb8 34. b3
a4 35. Be2 Re8 36. Rhc1 axb3 37. axb3 Rb4+ 38. Bc4 f5 39. Re3 fxe4 40. Ra1 Ra8
41. Rxe4 a5 42. Rf4 Bf5 43. Rf2 a4 44. Rxa4 Raxa4 45. bxa4 Rxa4 46. Rb2 Bd7 47.
Ra2 Rxa2 48. Bxa2 h6 49. Bc4 g5 50. hxg5 hxg5 51. Be2 1/2-1/2

[Event "Chigorin Memorial"]
[Site "St Petersburg RUS"]
[Date "2012.10.31"]
[Round "5.29"]
[White "Malakhov, Igor"]
[Black "Halkias, Stelios"]
[Result "1-0"]
[WhiteTitle "FM"]
[BlackTitle "GM"]
[WhiteElo "2429"]
[BlackElo "2581"]
[WhiteFideId "4183088"]
[BlackFideId "4201809"]
[EventDate "2012.10.27"]

1. Nf3 f5 2. d4 d6 3. Nc3 Nf6 4. Bg5 Nbd7 5. Qd3 g6 6. e4 fxe4 7. Nxe4 Bg7 8.
O-O-O Nb6 9. Re1 O-O 10. h4 Bg4 11. Qb3+ Kh8 12. h5 Bxh5 13. Nh4 Nxe4 14. Rxe4
Bf6 15. Bxf6+ exf6 16. Be2 f5 17. Re6 Rg8 18. Bxh5 Qg5+ 19. Qe3 Qxe3+ 20. fxe3
gxh5 21. Nxf5 Rg5 22. e4 d5 23. g4 dxe4 24. Rxh5 Rxh5 25. gxh5 Rf8 26. Ne3 Rf4
27. b3 Kg7 28. Re7+ Rf7 29. Rxe4 Kh6 30. Re5 Nd7 31. Ng4+ Kg7 32. Rd5 1-0

[Event "Chigorin Memorial"]
[Site "St Petersburg RUS"]
[Date "2012.10.31"]
[Round "5.30"]
[White "Aitbayev, Aslan"]
[Black "Grigoriants, Sergey"]
[Result "1/2-1/2"]
[BlackTitle "GM"]
[WhiteElo "2416"]
[BlackElo "2578"]
[WhiteFideId "13704613"]
[BlackFideId "4130804"]
[EventDate "2012.10.27"]

1. e4 c5 2. Nf3 d6 3. d4 cxd4 4. Nxd4 Nf6 5. Nc3 a6 6. Be3 e5 7. Nf3 Be7 8. Bc4
Nc6 9. O-O Na5 10. Bd5 O-O 11. Qe2 Bg4 12. Rfd1 Rc8 13. a3 b5 14. Rab1 Rxc3 15.
bxc3 Nxd5 16. Rxd5 Qa8 17. Rbd1 Nc4 18. h3 Be6 19. a4 Nb2 20. Rxd6 Nxd1 21. Rxd1
bxa4 22. Ra1 Qc6 23. Bc1 f6 24. Qe1 Re8 25. Ba3 Bd8 26. Rd1 Bc7 27. Nh4 Rd8 28.
Rxd8+ Bxd8 29. Qe2 Ba5 30. Qd3 g6 31. Qf3 Bf7 32. Qd3 Bc7 33. Nf3 Bc4 34. Qe3
Bd6 35. Qc1 Be6 36. Nd2 Bc5 37. Qb2 Qb6 38. Qxb6 Bxb6 39. Kf1 Ba5 40. Bb2 Kf7
41. Ke2 Bb6 42. Ba3 Ke8 43. f3 Kd7 44. Kd3 Kc6 45. Nc4 Bc7 46. Nb2 f5 1/2-1/2

[Event "Chigorin Memorial"]
[Site "St Petersburg RUS"]
[Date "2012.10.31"]
[Round "5.31"]
[White "Nikologorskiy, Konstantin"]
[Black "Shomoev, Anton"]
[Result "1/2-1/2"]
[WhiteTitle "FM"]
[BlackTitle "GM"]
[WhiteElo "2400"]
[BlackElo "2571"]
[WhiteFideId "24111708"]
[BlackFideId "4135148"]
[EventDate "2012.10.27"]

1. c4 Nf6 2. Nc3 e6 3. e4 d5 4. e5 d4 5. exf6 dxc3 6. bxc3 Qxf6 7. Nf3 Nc6 8. d4
e5 9. Be2 exd4 10. cxd4 Bb4+ 11. Bd2 Bxd2+ 12. Qxd2 O-O 13. h3 Rd8 14. Rd1 Nxd4
15. Nxd4 c5 16. O-O Rxd4 17. Qb2 Bd7 18. Rxd4 cxd4 19. Rd1 Bc6 20. Qxd4 Qxd4 21.
Rxd4 Kf8 22. f4 Re8 23. Rd2 Re3 24. Kf2 Ra3 25. Bd3 h6 26. Ke3 Ke7 27. Kd4 Kd6
28. g4 g5 29. fxg5 hxg5 30. Rf2 Ke7 31. Re2+ Kf6 32. Rf2+ Kg7 33. Rf5 f6 34. Rf2
Bd7 35. Rh2 Be6 36. Rf2 b6 37. Re2 Bf7 38. Re7 Rxa2 39. Bf5 Kf8 40. Rc7 Rd2+ 41.
Kc3 Rd6 42. Rxa7 Rc6 43. Kb4 Bxc4 44. Bd7 Rc5 45. Rb7 Bf1 46. Rxb6 Rc4+ 47. Kb3
Rf4 48. Bf5 Bxh3 49. Rxf6+ Ke7 50. Re6+ Kf7 51. Re4 Rxe4 52. Bxe4 Kf6 53. Kc3
Ke5 54. Bf5 Kf4 55. Kd2 Bxg4 56. Bd3 Kf3 57. Ke1 Kg2 58. Be4+ Bf3 59. Bf5 Kg1
60. Be6 Bg2 61. Bg4 Kh2 62. Kf2 Bh3 63. Bf3 g4 64. Bxg4 Bxg4 1/2-1/2

[Event "Chigorin Memorial"]
[Site "St Petersburg RUS"]
[Date "2012.10.31"]
[Round "5.32"]
[White "Annageldyev, Orazly"]
[Black "Lintchevski, Daniil"]
[Result "1/2-1/2"]
[WhiteTitle "GM"]
[BlackTitle "GM"]
[WhiteElo "2394"]
[BlackElo "2562"]
[WhiteFideId "14000016"]
[BlackFideId "4171055"]
[EventDate "2012.10.27"]

1. d4 Nf6 2. Nf3 d5 3. c4 e6 4. Nc3 dxc4 5. e3 a6 6. Bxc4 b5 7. Be2 Bb7 8. O-O
Nbd7 9. a3 c5 10. dxc5 Bxc5 11. b4 Be7 12. Bb2 O-O 13. a4 bxa4 14. Qxa4 Nb6 15.
Qb3 Nfd5 16. Rfd1 Qb8 17. b5 a5 18. Na4 Nxa4 19. Rxa4 Bb4 20. Raa1 Rc8 21. Rac1
Rxc1 22. Rxc1 Qe8 23. Nd4 Rc8 24. Rxc8 Qxc8 25. Qc4 Qxc4 26. Bxc4 Nb6 27. Bb3 a4
28. Ba2 Bd5 29. Bxd5 Nxd5 30. Nc2 Bc5 31. Kf1 Nc7 32. Ba3 Bb6 33. Ke2 Nxb5 34.
Kd3 Bc7 35. h3 Bd6 36. Bxd6 Nxd6 37. f3 g5 38. Kc3 Kg7 39. Kb4 Kg6 40. g4 h5 41.
Kxa4 Nc4 42. Kb4 Nd2 43. Ne1 Nf1 44. Ng2 Ng3 45. Kc4 Ne2 46. h4 Ng1 47. gxh5+
Kxh5 48. hxg5 Nxf3 49. Kd3 Nxg5 50. e4 Kg4 51. Ke3 Nf3 52. Nf4 Ne1 53. Ne2 e5
54. Nc3 Ng2+ 55. Kf2 Nf4 56. Ke3 Kg3 57. Nd5 Ng2+ 58. Ke2 Nf4+ 59. Ke3 Nh3 60.
Ne7 Nf2 61. Nf5+ Kg2 62. Nh6 f6 63. Nf5 Nh1 64. Ne7 Ng3 65. Nd5 Nh5 66. Ke2 Kg3
67. Ke3 Kg4 68. Kf2 Kg5 69. Ke3 1/2-1/2